00253nam a2200109Ia 4500008004100000040001200041082001400053100002300067245002200090260002300112300000800135200103s9999||||xx |||||||||||||| ||und|| aIMU-MPC aColumn-63 aMcCormack, Mark H. 4aThe 110% Solution bRupa Companyc1993 a203